000 00919nam a2200241 a 4500
001 3990672
003 OSt
005 20240624171629.0
007 ta
008 950912s1995 gt a b 000 1 spa
040 _aCUSACQ
_cCUSACQ
041 _aspa
_espa
_hspa
082 0 0 _aS.G. 863 N234
100 1 _aHerrera, Flavio,
_d1895-
_98352
240 1 0 _acuentos cortos.
245 1 0 _aNarrativa breve /
_cFlavio Herrera.
_bLa lente opaca-El hilo de sol Cenizas, 7 mujeres y un niño.
_hlibro.
260 _aGuatemala :
_bUniversidad de San Carlos de Guatemala,
_c[1995?]
300 _axxi, 151 p. :
_bill. ;
_c21 cm.
440 0 _aColección Centenario Flavio Herrera, 1895-1995 ;
_vvol. no. 2
_98353
504 _aIncluye referencias bibliográficas. (p. 151).
505 0 _aPresentación -- La lente opaca, el hilo de sol -- Cenizas -- 7 mujeres y un niño -- Cronología -- Flavio Herrera y su época.
942 _2ddc
_cBK
_n0
999 _c3025
_d3025